Colección de leyes, decretos y demás disposiciones de interés general, relativas al servicio, así facultativo como administrativo, del ramo de montes : (Record no. 185806)

MARC details
000 -LEADER
campo de control de longitud fija 00959nam a2200217 i 4500
001 - NÚMERO DE CONTROL
campo de control 185806
003 - IDENTIFICADOR DE NÚMERO DE CONTROL
campo de control ES-MaACL
005 - FECHA Y HORA DE LA ÚLTIMA TRANSACCIÓN
campo de control 20250827062643.0
008 - DATOS DE LONGITUD FIJA--INFORMACIÓN GENERAL
campo de control de longitud fija 160811s1869 sp |||| | spa d
110 1# - ENTRADA PRINCIPAL--NOMBRE DE ENTIDAD CORPORATIVA
Nombre de entidad corporativa o nombre de jurisdicción como elemento de entrada España
9 (RLIN) 3622
130 1# - ENTRADA PRINCIPAL--TÍTULO UNIFORME
Título uniforme [Leyes, etc. forestales]
9 (RLIN) 135447
245 10 - MENCIÓN DEL TÍTULO
Título Colección de leyes, decretos y demás disposiciones de interés general, relativas al servicio, así facultativo como administrativo, del ramo de montes :
Resto del título expedidas desde 22 de diciembre de 1833 hasta 31 de diciembre de 1868.
260 ## - PUBLICACIÓN, DISTRIBUCIÓN, ETC.
Lugar de publicación, distribución, etc. [S.l.] :
Nombre del editor, distribuidor, etc. [s.n.],
Fecha de publicación, distribución, etc. 1869 (
Lugar de fabricación/manufactura Madrid :
Fabricante Imp. del Colegio Nacional de Sordo-Mudos y de Ciegos)
300 ## - DESCRIPCIÓN FÍSICA
Extensión LI, 462 p. ;
Dimensiones 26 cm.
530 ## - NOTA DISPONIBLE DE FORMULARIO FÍSICO ADICIONAL
Nota de formato físico adicional disponible Disponible en formato digital.
650 #7 - PUNTO DE ACCESO ADICIONAL DE MATERIA--TÉRMINO DE MATERIA
Término de materia o nombre geográfico como elemento de entrada Derecho forestal-
Subdivisión geográfica España
Fuente del encabezamiento o término
9 (RLIN) 148105
852 ## - LOCALIZACIÓN
Ubicación ES-MaACL
Número de control de estantería G-15496
852 ## - LOCALIZACIÓN
Ubicación ES-MaACL
Número de control de estantería B-9889
856 ## - LOCALIZACIÓN Y ACCESO ELECTRÓNICOS
Identificador Uniforme de Recursos <a href="http://bdh-rd.bne.es/viewer.vm?id=0000065608&page=1 ">http://bdh-rd.bne.es/viewer.vm?id=0000065608&page=1 </a>
Nota pública Biblioteca Digital Hispánica
Holdings
Estatus retirado Estado de pérdida Estado de daño No para préstamo Colección Biblioteca de origen Biblioteca actual Ubicación en estantería Fecha de adquisición Fuente de adquisición Total de préstamos Signatura topográfica completa Código de barras Visto por última vez Precio de reemplazo Tipo de ítem Koha
        Colección digital Biblioteca del Ateneo de Madrid Biblioteca del Ateneo de Madrid Sala Pardo Bazán 11/08/2016     B-9889 1195865 23/02/2023 23/02/2023 Libro impreso antiguo
        Colección digital Biblioteca del Ateneo de Madrid Biblioteca del Ateneo de Madrid Sala Pecera Planta 3 11/08/2016     G-15496 1195862 23/02/2023 23/02/2023 Libro impreso antiguo